[Event "5th LGA Premium Cup"]
[Site "Nuernberg GER"]
[Date "2008.09.05"]
[Round "3"]
[White "Haubold,M"]
[Black "Sha,S"]
[Result "1/2-1/2"]
[WhiteElo "2080"]
[BlackElo "1904"]

1.d4 Nf6 2.Bg5 e6 3.e3 Be7 4.Bd3 d5 5.f4 Nbd7 6.Nf3 c5 7.c3 b6 8.Qe2 Bb7
9.Nbd2 O-O 10.O-O Ne4 11.Bxe7 Qxe7 12.Ne5 Rac8 13.Ndf3 f6 14.Nxd7 Qxd7 15.Rad1 Qe7
16.Qc2 Rfd8 17.Nd2 f5 18.Nf3 a6 19.Qe2 cxd4 20.exd4 a5 21.Ne5 Rc7 22.Kh1 Rf8
23.Rf3 Rf6 24.Rh3 Qe8 25.Bb5 Qc8 26.Rf1 Nd6 27.Bd3 Nc4 28.g4 g6 29.g5 Nxe5
30.Qxe5 Rff7 31.Re1 Rce7 32.Rhe3 Qd7 33.Qb8+ Rf8 34.Qe5 Bc6 35.h4 Bb7 36.Kg2 Bc8
37.h5 Qc7 38.hxg6 hxg6 39.Qxc7 Rxc7 40.Rh3 Rh7 41.Rxh7 Kxh7 42.Rh1+ Kg7 43.Kf2 Bd7
44.Ke3 Rh8 45.Rxh8 Kxh8 46.Kd2 Kg7 47.b4 Kf7 48.Kc2 Ke7 49.bxa5 bxa5 50.Kb3 Bc6
51.Ka3 Kd6 52.Ba6 Kc7 53.Kb3 Bd7 54.Be2 Bc6 55.a3 Kb6 56.c4 dxc4+ 57.Bxc4 Bd5
58.Kc3 Kc7 59.Bb5 Kd8 60.Ba4 Ke7 61.Bb5 Kd8  1/2-1/2

[Event "TCh-ESP Hon Gp2"]
[Site "Sabadell ESP"]
[Date "2008.09.05"]
[Round "3"]
[White "Rodriguez Vila,A"]
[Black "Brunello,S"]
[Result "1-0"]
[WhiteElo "2531"]
[BlackElo "2482"]

1.d4 Nf6 2.Bg5 e6 3.e4 h6 4.Bxf6 Qxf6 5.Nc3 Bb4 6.Qd3 d5 7.e5 Qd8 8.Ne2 c5
9.a3 Qa5 10.O-O-O c4 11.Qg3 Bf8 12.Nf4 Nc6 13.Nh5 Rh7 14.Bxc4 dxc4 15.d5 Ne7
16.d6 Nf5 17.Qf3 Qxe5 18.Rhe1 Nd4 19.d7+ Bxd7 20.Qxb7 Qg5+ 21.f4 Bc6 22.Qxa8+ Bxa8
23.fxg5 hxg5 24.Rxd4 Rxh5 25.Red1 Bc6 26.Rxc4 Bxg2 27.Rc8+ Ke7 28.Rdd8 Rxh2
29.Re8+ Kd6 30.Rxf8 f5 31.Rh8 Rh4 32.Rcg8 f4 33.Rxh4 gxh4 34.Rxg7 h3 35.Rh7 f3
36.Ne4+ Ke5 37.Rh4  1-0

[Event "Masters"]
[Site "Trieste ITA"]
[Date "2008.09.06"]
[Round "8"]
[White "De Val,D"]
[Black "Pregarac,V"]
[Result "1-0"]
[WhiteElo "2233"]
[BlackElo "2116"]

1.d4 Nf6 2.Bg5 e6 3.Nd2 h6 4.Bh4 Be7 5.e3 b6 6.Bd3 Bb7 7.Ngf3 c5 8.c3 O-O
9.Qe2 d6 10.Bxf6 Bxf6 11.h4 Nd7 12.g4 Be7 13.g5 f5 14.gxh6 gxh6 15.O-O-O d5
16.Bb5 Nf6 17.Rdg1+ Kh8 18.Ne5 Kh7 19.Ndf3 Ne4 20.Ng5+ Bxg5 21.hxg5 Nxg5
22.Qh5  1-0

[Event "Liga Nacional Ajedrez"]
[Site "Villa Martelli ARG"]
[Date "2008.09.06"]
[Round "5"]
[White "Tempone,M"]
[Black "Valerga,D"]
[Result "0-1"]
[WhiteElo "2416"]
[BlackElo "2502"]

1.d4 Nf6 2.Bg5 e6 3.Nd2 h6 4.Bh4 d6 5.Ngf3 g5 6.Bg3 Nh5 7.e3 Bg7 8.c4 Nd7
9.Nb3 f5 10.Nfd2 Ndf6 11.Be2 Nxg3 12.hxg3 Qe7 13.c5 O-O 14.O-O h5 15.Rc1 d5
16.Bd3 g4 17.Re1 Bh6 18.Kf1 Bd7 19.Na5 h4 20.gxh4 g3 21.fxg3 Ng4 22.Kg1 Nxe3
23.Qf3 Ng4 24.Nab3 Qg7 25.Rc3 Nf6 26.Re5 Ne4 27.Nf1 Nxc3 28.bxc3 Rac8 29.Nbd2 b6
30.Qe2 bxc5 31.dxc5 Bxd2 32.Nxd2 Qxg3 33.Nf3 Rb8 34.c6 Bxc6 35.Ng5 Rb2 36.Qxb2 Qxe5
37.Qf2 f4  0-1

[Event "TCh-FIN"]
[Site "Finland FIN"]
[Date "2008.09.07"]
[Round "2"]
[White "Mertanen,J"]
[Black "Linnanen,L"]
[Result "1/2-1/2"]
[WhiteElo "2310"]
[BlackElo "2175"]

1.d4 Nf6 2.Bg5 e6 3.e4 Be7 4.Nd2 d5 5.e5 Nfd7 6.Be3 c5 7.c3 Nc6 8.a3 Qb6
9.b4 cxd4 10.cxd4 f6 11.Bd3 fxe5 12.Qh5+ Kf8 13.dxe5 Qd8 14.f4 Qe8 15.Qe2 g6
16.Ngf3 Kg7 17.O-O Bd8 18.Nb3 Bb6 19.Rac1 Rf8 20.Nfd4 Nxd4 21.Nxd4 Nb8 22.Nb5 Qd8
23.Kh1 Nc6 24.Nd6 Rb8 25.Bc5 Bxc5 26.Rxc5 Bd7 27.Qe3 Kg8 28.Qg3 Qe7 29.Rfc1 Rfd8
30.h3 a6 31.Kh2 Be8 32.Nxe8 Qxe8 33.Bxa6 Nxb4 34.Bb5 Nc6 35.a4 Qe7 36.Qg4 Rbc8
37.h4 Na7 38.Rxc8 Rxc8 39.Rxc8+ Nxc8 40.h5 Qf7 41.Bd3 Ne7 42.Qg5 Kf8 43.h6 Nc6
44.g4 Qe7 45.Qxe7+ Nxe7 46.Kg3 Kf7 47.Kf3 Ng8 48.g5 Ne7 49.Ke3 b6 50.Kd4 Nc6+
51.Kc3 Na7 52.Kb4 Kf8 53.Ba6 Ke7 54.Bb7 Kd7 55.Ba6 Kc7 56.Bd3 Nc6+ 57.Kc3 Ne7
58.Kb4 Nc6+ 59.Kc3 Ne7  1/2-1/2

[Event "Masters"]
[Site "Trieste ITA"]
[Date "2008.09.07"]
[Round "9"]
[White "De Val,D"]
[Black "Degtiarev,E"]
[Result "0-1"]
[WhiteElo "2233"]
[BlackElo "2367"]

1.d4 Nf6 2.Bg5 e6 3.Nd2 h6 4.Bh4 g5 5.Bg3 Nc6 6.e3 Bg7 7.c3 d6 8.Bc4 Qe7
9.Qe2 Bd7 10.O-O-O e5 11.dxe5 Nxe5 12.Bb3 a5 13.Ngf3 Nxf3 14.Nxf3 a4 15.Bc2 a3
16.b3 Ne4 17.Bxe4 Qxe4 18.Qc2 Bf5 19.Qxe4+ Bxe4 20.Kd2 g4 21.Ne1 Ra5 22.c4 b5
23.f3 gxf3 24.gxf3 Bb7 25.c5 dxc5 26.Bxc7 Ra6 27.Rg1 Bf8 28.Be5 f6 29.Bg3 Rh7
30.e4 Rd7+ 31.Kc2 Rxd1 32.Kxd1 c4 33.Kc2 Rc6 34.Bf4 b4 35.Bd2 Ba6 36.bxc4 Bxc4
37.Kb1 b3 38.axb3 Bxb3 39.Ng2 Rc2 40.Be3 Bd6 41.f4 Re2 42.Bd4 Kf7 43.e5 fxe5
44.fxe5 Bxe5 45.Bxe5 Rxe5 46.Rf1+ Ke8 47.Rf3 a2+ 48.Ka1 Bd5 49.Re3 Rxe3 50.Nxe3 Be6
51.Nd1 Kf7 52.Nc3 Kf6 53.Nxa2 Bxa2 54.Kxa2 Kg5 55.Kb3 Kg4 56.Kc4 Kh3 57.Kd4 Kxh2
58.Ke4 Kg3  0-1

[Event "TCh-SRB 1st League"]
[Site "Subotica SRB"]
[Date "2008.09.08"]
[Round "7"]
[White "Bogosavljevic,B"]
[Black "Martinovic,Sl"]
[Result "0-1"]
[WhiteElo "2533"]
[BlackElo "2453"]

1.d4 Nf6 2.Bg5 e6 3.e4 h6 4.Bxf6 Qxf6 5.Nf3 d6 6.Nc3 g6 7.Qd2 Bg7 8.O-O-O Qe7
9.Kb1 a6 10.h4 Nd7 11.Qe3 b5 12.g4 Bb7 13.g5 h5 14.Bd3 c5 15.dxc5 Nxc5 16.e5 dxe5
17.Rhe1 O-O 18.Nxe5 Bxe5 19.Qxe5 Rfd8 20.Be4 Bxe4 21.Nxe4 Nxe4 22.Qxe4 Qc5
23.Qf4 Rac8 24.c3 Rd5 25.Rd2 Rxd2 26.Qxd2 Qf5+ 27.Kc1 Rc4 28.Rh1 b4 29.Qc2 Qf4+
30.Kb1 bxc3 31.bxc3 Qf3 32.Rc1 Qf4 33.Qd3 Qxh4 34.Qd8+ Kh7 35.Qe7 Qf4 36.Rc2 Rc7
37.Qd8 Rc5 38.Qe7 Rxg5 39.c4 Rg1+ 40.Kb2 Kg7 41.Qb4 Rd1 42.Qc3+ Qf6 43.c5 h4
44.c6 Rd8 45.Ka3 Qxc3+ 46.Rxc3 g5 47.Kb4 f5 48.Kc5 g4 49.c7 Rc8 50.Kd6 Kf6
51.Re3 Rxc7 52.Rxe6+ Kf7 53.Re5 Rc2 54.Rxf5+ Kg6  0-1

[Event "I Liga Seniorow"]
[Site "Ustron POL"]
[Date "2008.09.09"]
[Round "4"]
[White "Orzechowski,J"]
[Black "Moranda,W"]
[Result "0-1"]
[WhiteElo "2227"]
[BlackElo "2533"]

1.d4 Nf6 2.Bg5 e6 3.e4 c5 4.e5 h6 5.Bc1 Nh7 6.d5 d6 7.Bb5+ Bd7 8.Qe2 Bxb5
9.Qxb5+ Qd7 10.Qxd7+ Nxd7 11.dxe6 Nxe5 12.exf7+ Kxf7 13.Nc3 Nf6 14.Nge2 d5
15.Ng3 Nc6 16.Bd2 Re8+ 17.Nce2 Nd4 18.Kd1 Nxe2 19.Nxe2 Ne4 20.Rf1 g5 21.Ng3 Nf6
22.c3 Kg6 23.Kc2 h5 24.f4 g4 25.Rae1 Bd6 26.h4 gxh3 27.gxh3 h4 28.f5+ Kf7
29.Ne2 Bg3 30.Nxg3 hxg3 31.Rxe8 Rxe8 32.Rg1 Nh5 33.Be1 Re2+ 34.Kd3 Nf4+  0-1

[Event "USCL 2008"]
[Site "ICC INT"]
[Date "2008.09.10"]
[Round "3"]
[White "Kahn,A"]
[Black "Bapat,U"]
[Result "1/2-1/2"]
[WhiteElo "2203"]
[BlackElo "2110"]

1.d4 Nf6 2.Bg5 e6 3.e3 h6 4.Bf4 b6 5.Nf3 Bb7 6.Nbd2 d6 7.Bd3 Nbd7 8.Qe2 g5
9.Bg3 Nh5 10.e4 Bg7 11.c3 Qe7 12.Nc4 g4 13.Nfd2 Nxg3 14.hxg3 h5 15.a4 a6
16.f4 gxf3 17.gxf3 h4 18.gxh4 Rxh4 19.O-O-O O-O-O 20.Ne3 a5 21.Ng2 Rxh1 22.Rxh1 Rh8
23.Rxh8+ Bxh8 24.f4 e5 25.fxe5 dxe5 26.d5 Bf6 27.Ne3 Nc5 28.Nf5 Qd7 29.Bb5 c6
30.Nc4 Kc7 31.dxc6 Bxc6 32.Bxc6 Qxc6 33.Nfd6 Qxa4 34.Qh5 Qd7 35.Qxf7 Qxf7
36.Nxf7 Nxe4 37.Ncxe5  1/2-1/2

[Event "3rd XtraCon EMT"]
[Site "Borup DEN"]
[Date "2008.09.11"]
[Round "5"]
[White "Haznedaroglu,K"]
[Black "Hammer,J"]
[Result "0-1"]
[WhiteElo "2444"]
[BlackElo "2494"]

1.d4 Nf6 2.Bg5 e6 3.e4 h6 4.Bxf6 Qxf6 5.Nc3 d6 6.Qd2 c6 7.f4 e5 8.dxe5 dxe5
9.f5 Bb4 10.Nf3 Nd7 11.Bd3 Qe7 12.g4 Qc5 13.Ke2 g6 14.a3 Bxc3 15.Qxc3 Qxc3
16.bxc3 gxf5 17.gxf5 Rg8 18.Ke3 Ke7 19.Rhg1 Rxg1 20.Rxg1 b5 21.Rg7 Bb7 22.Bf1 Rh8
23.Rg2 a6 24.Rd2 c5 25.Bg2 Rg8 26.Bh1 f6 27.Rg2 Rxg2 28.Bxg2 Nb6 29.Nd2 Na4
30.Nb1 Bc6 31.Kd2 Nb6 32.Kc1 Be8 33.Bf1 Bf7 34.Nd2 Na4 35.Nb1 Kd6 36.Bd3 Kc6
37.c4 bxc4 38.Be2 c3 39.Bxa6 c4 40.Bc8 Be8 41.Kd1 Kc5 42.Ke2 Kd4 43.Bb7 Nc5
44.Bd5 Bh5+ 45.Ke1 Nd3+ 46.Kf1 Bd1  0-1

[Event "3rd PGMA Cup"]
[Site "Manila PHI"]
[Date "2008.09.11"]
[Round "7"]
[White "Elorta,D"]
[Black "Ochoa,C"]
[Result "1-0"]
[WhiteElo "2405"]
[BlackElo "2268"]

1.d4 Nf6 2.Bg5 e6 3.Nf3 h6 4.Bh4 d6 5.Nbd2 g5 6.Bg3 Bg7 7.h3 Nbd7 8.e4 Qe7
9.c3 e5 10.dxe5 dxe5 11.Qc2 O-O 12.Nc4 Nc5 13.Nfd2 Nh5 14.Ne3 f5 15.exf5 e4
16.Nd5 Qf7 17.Bc4 Kh7 18.Ne3 Qe8 19.O-O Nf4 20.Rfd1 b5 21.Bf1 Bb7 22.f3 Kh8
23.Nxe4 Nxe4 24.fxe4 Bxe4 25.Qb3 Qe5 26.Kh2 h5 27.Kh1 a6 28.Rd2 h4 29.Bh2 Qc5
30.Re1 Nxh3 31.Qe6 Rae8 32.Qg6 Re7 33.Ree2 Bxf5 34.Qh5+ Kg8 35.Rd5 Bg4 36.Qxg4 Rxe3
37.Rxc5 Rxf1+ 38.Bg1 Nxg1 39.Rf2 Rxf2 40.Rxg5 Rf7 41.Kxg1 Kf8 42.Qc8+ Re8
43.Qxa6 Re1+ 44.Kh2 Rff1 45.Qc8+ Kf7 46.Qxc7+ Ke8 47.Qc8+ Kf7 48.Qd7+  1-0

[Event "3rd PGMA Cup"]
[Site "Manila PHI"]
[Date "2008.09.11"]
[Round "8"]
[White "Nouri,H"]
[Black "Atutubo,R"]
[Result "1-0"]
[WhiteElo "2363"]
[BlackElo "2312"]

1.d4 Nf6 2.Bg5 e6 3.e4 d6 4.Nc3 Be7 5.f4 a6 6.Nf3 h6 7.Bxf6 Bxf6 8.Bd3 b5
9.e5 Be7 10.O-O Bb7 11.Qe2 O-O 12.Rad1 Nd7 13.a3 c5 14.dxc5 Nxc5 15.Ne4 Nxd3
16.Rxd3 Qb6+ 17.Kh1 d5 18.Ng3 g6 19.Nd4 Bc8 20.c3 Bd7 21.Qg4 Kh7 22.Nge2 a5
23.b4 axb4 24.axb4 Ra2 25.h4 h5 26.Qh3 Kg7 27.Rg3 Qd8 28.Qh2 Bxh4 29.Rh3 Be7
30.g4 h4 31.g5 Rh8 32.Rg1 Kg8 33.Rg4 Bf8 34.Rgxh4 Rxh4 35.Rxh4 Bg7 36.Rg4 Qc8
37.Qh3 Ra1+ 38.Rg1 Ra2 39.Kg2 Qc4 40.Kf2 Rd2 41.Ra1 Bc6 42.Ra6 Bb7 43.Rd6  1-0

[Event "4th ch-EU"]
[Site "Liverpool ENG"]
[Date "2008.09.12"]
[Round "4"]
[White "Taylor,E"]
[Black "Limontaite,S"]
[Result "0-1"]
[WhiteElo "2067"]
[BlackElo "2200"]

1.d4 Nf6 2.Bg5 e6 3.Nd2 h6 4.Bh4 c5 5.e3 Be7 6.Ngf3 b6 7.Bd3 Bb7 8.h3 cxd4
9.exd4 Nh5 10.Bxe7 Qxe7 11.g3 Nf6 12.Qe2 Nc6 13.c3 Rc8 14.O-O d6 15.Rfe1 O-O
16.Ne4 Na5 17.Nxf6+ Qxf6 18.Be4 Bxe4 19.Qxe4 d5 20.Qe2 Rc7 21.Ne5 Nc4 22.f4 Rfc8
23.Rac1 b5 24.a3 Nd6 25.Kh2 a5 26.Nd3 Ne4 27.Rf1 Rb8 28.g4 b4 29.axb4 axb4
30.Ne5 bxc3 31.bxc3 Nxc3 32.Qg2 Qh4 33.Rf3 Nb5 34.Rxc7 Nxc7 35.Rc3 Ne8 36.Qc2 Nd6
37.Rc7 Ne4 38.Qg2 Rb2 39.Qxb2 Qg3+ 40.Kh1 Nf2+ 41.Qxf2 Qxf2 42.Rxf7 Qxd4
43.h4 Qxe5 44.fxe5 Kxf7 45.Kg2 Kg6  0-1

[Event "4th ch-EU"]
[Site "Liverpool ENG"]
[Date "2008.09.13"]
[Round "5"]
[White "Constantinou,Pe"]
[Black "Rudd,J"]
[Result "1-0"]
[WhiteElo "2225"]
[BlackElo "2345"]

1.d4 Nf6 2.Bg5 e6 3.e3 c5 4.c3 Nc6 5.Nf3 b6 6.Bd3 Be7 7.Nbd2 O-O 8.a3 d6
9.O-O e5 10.Bb5 Bb7 11.Bxc6 Bxc6 12.dxe5 dxe5 13.Nxe5 Bb7 14.Ndf3 Qc7 15.Qa4 Ne4
16.Bxe7 Qxe7 17.Rad1 Nd6 18.Qd7 Nc8 19.Qxe7 Nxe7 20.Rd7 Bxf3 21.gxf3 Rfe8
22.Rfd1 f6 23.Nc4 Ng6 24.f4 Nh4 25.R1d5 h6 26.a4 Kh7 27.Kf1 Re6 28.Rb7 Kg6
29.Rdd7 Kf5 30.Rxa7 Rxa7 31.Rxa7 g5 32.fxg5 fxg5 33.Rb7 Nf3 34.Nxb6 Kg4 35.a5 Rd6
36.Rd7 Rc6 37.Nc4 Kh3 38.Rd6  1-0

[Event "Liga Nacional Ajedrez"]
[Site "Villa Martelli ARG"]
[Date "2008.09.13"]
[Round "6"]
[White "Krysa,L"]
[Black "De Dovitiis,A"]
[Result "0-1"]
[WhiteElo "2066"]
[BlackElo "2347"]

1.d4 Nf6 2.Bg5 e6 3.e4 c5 4.e5 h6 5.Bc1 Nd5 6.c4 Ne7 7.dxc5 Ng6 8.f4 Bxc5
9.Nf3 d6 10.Bd3 Nh4 11.Nxh4 Qxh4+ 12.g3 Qe7 13.Qg4 O-O 14.Nc3 Nc6 15.Qe2 Rd8
16.Be4 Bd7 17.exd6 Qxd6 18.Be3 Bxe3 19.Qxe3 Qb4 20.c5 Na5 21.O-O-O Nc4 22.Qf2 Rac8
23.Rd3 f5 24.Bf3 Ba4 25.Qe2 Kh7 26.a3 Nxa3 27.bxa3 Qxa3+ 28.Kd2 Rxc5 29.Nd1 Rc2+  0-1

[Event "4th ch-EU"]
[Site "Liverpool ENG"]
[Date "2008.09.17"]
[Round "9"]
[White "Trent,L"]
[Black "Spoelman,W"]
[Result "1/2-1/2"]
[WhiteElo "2470"]
[BlackElo "2448"]

1.d4 Nf6 2.Bg5 e6 3.Nd2 h6 4.Bh4 c5 5.e3 cxd4 6.exd4 Be7 7.c3 b6 8.Ngf3 Bb7
9.Bxf6 Bxf6 10.Bd3 O-O 11.O-O d6 12.Re1 Nd7 13.a4 Re8 14.a5 bxa5 15.Nc4 Qb8
16.Bc2 Bd5 17.Ne3 Bxf3 18.Qxf3 d5 19.Re2 Qc7 20.Rae1 Reb8 21.Bd3 Rb3 22.Nxd5 exd5
23.Re8+ Rxe8 24.Rxe8+ Nf8 25.Qf5 g6 26.Qxf6 Rb6 27.Qd8 Qxd8 28.Rxd8 Rxb2
29.Rxd5 Rb3 30.Rxa5 Rxc3 31.Bf1 Rc1 32.d5 Rd1 33.g3 Nd7 34.Kg2 Nb6 35.Rxa7 Rxd5
36.Rb7 Rd6 37.Bb5 Rf6 38.Bd3 Kg7 39.Bb5  1/2-1/2

[Event "Autumn-3"]
[Site "Alushta UKR"]
[Date "2008.09.20"]
[Round "9"]
[White "Sitnikov,A"]
[Black "Chernoukhov,A"]
[Result "1-0"]
[WhiteElo "2463"]
[BlackElo "1954"]

1.d4 Nf6 2.Bg5 e6 3.Nc3 Be7 4.f4 d5 5.Nf3 Nbd7 6.e3 O-O 7.Bd3 b6 8.O-O Bb7
9.Ne5 a6 10.Qf3 c5 11.Rad1 Rc8 12.f5 c4 13.Be2 Ne4 14.Bxe7 Qxe7 15.Nxe4 Nxe5
16.Qf4 exf5 17.Ng3 Ng6 18.Nxf5 Qe6 19.Qg3 Rcd8 20.h4 Bc8 21.h5 Qe4 22.Bg4 Bxf5
23.Bxf5 Qh4 24.Qxh4 Nxh4 25.Bh3 Rde8 26.Rde1 g6 27.g3 Nf5 28.Bxf5 gxf5 29.Rxf5 Rd8
30.Rf6 Rb8 31.Ref1 Rfe8 32.R1f3 Re7 33.Kf2 Rd7 34.R3f5 a5 35.Rg5+ Kh8 36.h6 b5
37.Rg7 Rbb7 38.g4 b4 39.Ra6 Ra7 40.Rxa7 Rxa7 41.g5 a4 42.b3 axb3 43.axb3 Ra2
44.Kf3 Rxc2 45.Rxf7 Kg8 46.Rg7+ Kh8 47.Rb7 Kg8 48.Rxb4 Rb2 49.Rb7 Rxb3 50.Rg7+ Kf8
51.Rxh7 Rb6 52.Rc7 Kg8 53.Kf4 Re6 54.Kf5 Rxe3 55.g6 Re8 56.Kg5 c3 57.h7+ Kh8
58.Kh6  1-0

[Event "17th CRO-chT 1a"]
[Site "Sibenik CRO"]
[Date "2008.09.27"]
[Round "1"]
[White "Rukavina,J"]
[Black "Sulava,N"]
[Result "1/2-1/2"]
[WhiteElo "2414"]
[BlackElo "2492"]

1.d4 Nf6 2.Bg5 e6 3.Nd2 h6 4.Bh4 c5 5.e3 Nc6 6.c3 b6 7.Bd3 Bb7 8.Ngf3 Be7
9.a3 O-O 10.O-O Rc8 11.Qe2 cxd4 12.cxd4 Nh5 13.Bxe7 Nxe7 14.Ba6 Qc7 15.Bxb7 Qxb7
16.Rfc1 Nf6 17.Qf1 d6 18.h3 b5 19.Rxc8 Rxc8 20.Rc1 Rc6 21.Rxc6 Nxc6 22.Qd3 Kf8
23.Kf1 Ke7  1/2-1/2

[Event "Zvenigorodskaya Open A"]
[Site "Zvenigorod RUS"]
[Date "2008.09.27"]
[Round "5"]
[White "Korobkov,P"]
[Black "Zhumabayev,R"]
[Result "1-0"]
[WhiteElo "2516"]
[BlackElo "2442"]

1.d4 Nf6 2.Bg5 e6 3.e4 h6 4.Bxf6 Qxf6 5.c3 d6 6.Bd3 Nc6 7.Ne2 e5 8.O-O g5
9.Bb5 a6 10.Qa4 Bd7 11.d5 Nb8 12.Bxd7+ Nxd7 13.Ng3 h5 14.Nf5 g4 15.c4 h4
16.Nc3 Rh5 17.Qc2 Bh6 18.b4 g3 19.fxg3 hxg3 20.h3 Bf4 21.Ne2 O-O-O 22.Qc3 Qg5
23.Nxf4 exf4 24.Qf3 Ne5 25.Qxf4 Nxc4 26.Nxg3 Qxf4 27.Rxf4 Rg5 28.Nf5 Kd7
29.Nd4 Ne5 30.Nf3 Nxf3+ 31.Rxf3 Ke7 32.Raf1 Rg7 33.Rc1 Kd7 34.Rfc3 Rc8 35.Kf2 c6
36.g4 Re8 37.Kf3 Rh7 38.Kf4 Re5 39.dxc6+ bxc6 40.Rxc6 a5 41.Ra6 axb4 42.Rcc6 Rh6
43.Rcb6 Ke7 44.Rxb4 Rxh3 45.Rb7+ Ke6 46.Raa7 Rh7 47.Re7+ Kf6 48.Red7 Ke6
49.Rxd6+ Kxd6 50.Ra6+ Ke7 51.Kxe5 Rh1 52.g5 Rg1 53.g6 Rg5+ 54.Kf4 f6 55.g7 Kf7
56.Rxf6+ Kxf6 57.e5+  1-0

[Event "Zvenigorodskaya Open A"]
[Site "Zvenigorod RUS"]
[Date "2008.09.29"]
[Round "7"]
[White "Aleksandrov,A"]
[Black "Rakhmanov,Ale"]
[Result "1-0"]
[WhiteElo "2574"]
[BlackElo "2489"]

1.d4 Nf6 2.Bg5 e6 3.Nd2 h6 4.Bh4 d5 5.e3 c5 6.c3 Nbd7 7.Ngf3 Be7 8.Bd3 O-O
9.O-O b6 10.Ne5 Nxe5 11.dxe5 Nd7 12.Bg3 Bb7 13.Qg4 Kh8 14.Rad1 Qc7 15.Qh5 c4
16.Bc2 Nc5 17.Nf3 Qc8 18.Bh4 Qe8 19.Bf6 Bxf6 20.exf6 Nd7 21.fxg7+ Kxg7 22.Qg4+ Kh8
23.Qh3 Kg7 24.Qg3+ Kh8 25.Rd4 Qd8 26.Ne5 Nf6 27.Rh4 Ng8 28.Rg4 f5 29.Rg7  1-0

[Event "ch-Commonwealth"]
[Site "Nagpur IND"]
[Date "2008.09.30"]
[Round "3"]
[White "Rahman,Zia"]
[Black "Lalith,B"]
[Result "1/2-1/2"]
[WhiteElo "2564"]
[BlackElo "2328"]

1.d4 Nf6 2.Bg5 e6 3.e4 h6 4.Bxf6 Qxf6 5.c3 d6 6.Bd3 g6 7.Ne2 Bg7 8.Nd2 Nd7
9.O-O O-O 10.a4 a5 11.f4 Qe7 12.Kh1 e5 13.Nf3 b6 14.Bb5 Bb7 15.dxe5 Bxe4
16.exd6 cxd6 17.Ng3 Nf6 18.Nxe4 Nxe4 19.Qd5 Nf6 20.Qc6 Qe3 21.Rae1 Qc5 22.Nd4 Rac8
23.Qf3 d5 24.Rd1 Rfd8 25.g3 Rc7 26.Rfe1 Ne4 27.Kg2 Rcc8 28.Nc2 f5 29.Nd4 Rd6
30.Rd3 Rcd8 31.Red1 Kh7 32.h3 Qc7 33.Re3 Bxd4 34.Rxd4 Qf7 35.Kh2 Qf6 36.Re1 Re6
37.Red1 Red6 38.Qe3 h5 39.Qf3 Kg7 40.Kg2 h4 41.g4 fxg4 42.Qxg4 Ng3 43.Bd3 Re8
44.Qg5 Ne2 45.Qxf6+ Rxf6 46.Bxe2 Rxe2+ 47.Kf3 Rxb2 48.Rxd5 Rh2 49.Rd7+ Kh6
50.R1d6 Rf5 51.Rxb6 Rxh3+ 52.Kg4 Rh1 53.Rb5 Rg1+ 54.Kxh4 Rxf4+ 55.Kh3 Rxa4
56.Ra7 Rg5 57.c4 Ra3+ 58.Kh2 Kh5 59.Ra8 Ra2+ 60.Kh3 Ra3+ 61.Kh2 Kg4 62.Rxg5+ Kxg5
63.c5 Kg4 64.c6 Ra2+ 65.Kg1 Kg3 66.Kf1 Rf2+ 67.Ke1 Rc2 68.Ra6 g5 69.Kd1 Rc5
70.Kd2 g4 71.Ke3 Kh3 72.Kd4 Rc1 73.Kd5 g3 74.Rxa5 g2 75.Ra8 g1=Q 76.Rh8+ Kg4
77.Rg8+ Kf5 78.Rxg1 Rxg1 79.c7 Rc1 80.Kd6 Rxc7 81.Kxc7  1/2-1/2

[Event "Zvenigorodskaya Open A"]
[Site "Zvenigorod RUS"]
[Date "2008.09.30"]
[Round "9"]
[White "Kuporosov,V"]
[Black "Ajrapetian,G"]
[Result "1/2-1/2"]
[WhiteElo "2448"]
[BlackElo "2361"]

1.d4 Nf6 2.Bg5 e6 3.Nf3 b6 4.Nbd2 Bb7 5.e3 Be7 6.Bd3 h6 7.Bxf6 Bxf6 8.Qe2 d6
9.c3 Nd7 10.Ba6 Qc8 11.Bxb7 Qxb7 12.e4 d5 13.exd5 Qxd5 14.Ne4 O-O 15.O-O Be7
16.c4 Qb7 17.Rfd1 Nf6 18.Ng3 Rfe8 19.Rd3 c5 20.Rad1 Rad8 21.b3 a6 22.h3 cxd4
23.Nxd4 Bc5 24.Nc2 Rxd3 25.Qxd3 a5 26.Qe2 Qc7 27.Nf1 Qf4 28.Ne1 Qe4 29.Qd3 a4
30.Ng3 Qf4 31.Qf3 Qxf3 32.gxf3 axb3 33.axb3 Ra8 34.Nd3 Bd6 35.Ne4 Nxe4 36.fxe4 Ra3
37.Rb1 e5 38.Kg2 g6 39.Kf3 f5 40.Ke3 Kf7 41.f4 exf4+ 42.Nxf4 Bc5+ 43.Kf3 g5
44.Nd3 f4 45.e5 Ke6 46.Ke4 Ra2 47.Rb2 Ra8 48.Nxc5+ bxc5 49.Rd2 Rf8 50.Rd6+ Ke7
51.Kf3 h5 52.Rg6 Rb8 53.Rxg5 Rxb3+ 54.Kxf4 Rxh3 55.Kf5 Rh4 56.Rg7+ Kf8 57.Rh7 Rxc4
58.Rxh5 Rc1 59.Ke6 c4 60.Rh8+ Kg7 61.Rc8 c3 62.Ke7 c2 63.e6 Kh7 64.Rc3 Kg7
65.Rg3+ Kh7 66.Rg2 Kh6 67.Re2 Kg5 68.Rg2+ Kh4 69.Re2 Kg3 70.Ke8 Kf3  1/2-1/2

[Event "USCL 2008"]
[Site "ICC INT"]
[Date "2008.10.01"]
[Round "6"]
[White "Kahn,A"]
[Black "Shen,V"]
[Result "1-0"]
[WhiteElo "2203"]
[BlackElo "2118"]

1.d4 Nf6 2.Bg5 e6 3.e3 c5 4.Nf3 b6 5.Bd3 Bb7 6.Nbd2 Be7 7.c3 cxd4 8.exd4 d6
9.Qe2 Nbd7 10.O-O O-O 11.a4 h6 12.Bf4 Nd5 13.Bg3 N7f6 14.a5 Bc6 15.Ra2 Qd7
16.Nh4 Rfe8 17.axb6 axb6 18.Rfa1 Bf8 19.Nc4 Rxa2 20.Rxa2 b5 21.Na5 Ra8 22.Bb1 b4
23.c4 Nb6 24.b3 Ba4 25.Qd2 Rxa5 26.Qxb4 Nxc4 27.bxc4 Ra7 28.h3 Rb7 29.Qxa4 Rxb1+
30.Kh2 Qb7 31.Nf3 Ne4 32.Qe8 Nxg3 33.Kxg3 Qb8 34.Ra8 Qxe8 35.Rxe8 Rc1 36.Rc8 g6
37.Kf4 Kg7 38.Rc7 g5+ 39.Ke3 Kg6 40.c5 Rc3+ 41.Kd2 Ra3 42.c6 Ra8 43.Rd7 Kf6
44.Kd3 Be7 45.Kc4 Rb8 46.c7 d5+ 47.Kc3 Rc8 48.Ne5 h5 49.Nc6 Bd6 50.Rxd6 Rxc7
51.Kd3 Kf5 52.Nb4 Rb7 53.Nc2 Rb3+ 54.Kd2 Ke4 55.Ra6 Rd3+ 56.Kc1 g4 57.hxg4 hxg4
58.Ra7 f6 59.Ra6 e5 60.Rxf6 exd4 61.Rf8 g3 62.f3+ Ke5 63.Rg8 Rb3 64.Rg5+ Kf4
65.Rg4+ Ke5 66.Nxd4 Rc3+ 67.Kd2 Ra3 68.Nc2  1-0

[Event "1st WMSG Blitz Ind w"]
[Site "Beijing CHN"]
[Date "2008.10.04"]
[Round "4"]
[White "Hoang Thanh Trang"]
[Black "Golubenko,Valen"]
[Result "0-1"]
[WhiteElo "2483"]
[BlackElo "2273"]

1.d4 Nf6 2.Bg5 e6 3.Nd2 Be7 4.e4 c5 5.e5 Nd5 6.Bxe7 Qxe7 7.Ne4 O-O 8.Nxc5 b6
9.Nb3 d6 10.exd6 Qxd6 11.Nf3 Bb7 12.Qd2 Nd7 13.c3 Rac8 14.Be2 N7f6 15.Ne5 Ne4
16.Qe3 Nxe3 17.fxe3 f6 18.Nd3 a5 19.Bf3 e5 20.Nd2 exd4 21.Nxe4 Qe7 22.exd4 Bxe4
23.Kd2 f5 24.Rhe1 Qg5+ 25.Kc2 Bxf3 26.gxf3 Qg2+ 27.Kb3 Qxf3 28.Rad1 b5 29.Ne5 Qd5+
30.Kc2 b4 31.c4 Qg2+ 32.Rd2 Qg5 33.b3 f4 34.d5 Rfe8 35.Rde2 Qf5+ 36.Nd3 Rxe2+
37.Rxe2 f3 38.Rf2 Re8 39.Kd2 Qg5+ 40.Kd1 Qe3 41.Kc2 Qd4 42.Rxf3 Re2+ 43.Kd1 Qe4
44.Rg3 Rxa2 45.Nc1 Qh1+  0-1

[Event "1st WMSG Blitz Ind w"]
[Site "Beijing CHN"]
[Date "2008.10.04"]
[Round "7"]
[White "Hoang Thanh Trang"]
[Black "Schuurman,P"]
[Result "1-0"]
[WhiteElo "2483"]
[BlackElo "2324"]

1.d4 Nf6 2.Bg5 e6 3.Nd2 h6 4.Bh4 d5 5.e3 c5 6.Ngf3 Nc6 7.c3 Bd7 8.Bd3 a6
9.O-O Be7 10.h3 c4 11.Bc2 b5 12.Re1 b4 13.e4 O-O 14.exd5 Nxd5 15.Bxe7 Ncxe7
16.Nxc4 bxc3 17.bxc3 Bb5 18.Nfe5 Rc8 19.a4 Bxc4 20.Nxc4 Nf5 21.Bxf5 Rxc4
22.Bd3 Rxc3 23.Bxa6 Qb6 24.Bf1 Rd8 25.a5 Qa7 26.Qa4 Ne7 27.Red1 Nf5 28.Qb4 Rc7
29.Qb6 Rd6 30.Qxa7 Rxa7 31.a6 Nxd4 32.Rdc1 Nb3 33.Rc8+ Kh7 34.Ra3 Nd2 35.Rd3 Rd5
36.Rxd5 exd5 37.Bd3+ g6 38.Rd8  1-0

[Event "1st WMSG Blitz Ind w"]
[Site "Beijing CHN"]
[Date "2008.10.04"]
[Round "11"]
[White "Hoang Thanh Trang"]
[Black "Dworakowska,J"]
[Result "0-1"]
[WhiteElo "2483"]
[BlackElo "2363"]

1.d4 Nf6 2.Bg5 e6 3.e4 h6 4.Bxf6 Qxf6 5.c3 b6 6.Nd2 d5 7.Bd3 dxe4 8.Bxe4 c6
9.Ngf3 Bd6 10.O-O Bb7 11.Nc4 Bc7 12.Nce5 O-O 13.Re1 Qe7 14.Qe2 Rd8 15.Rad1 Bd6
16.h3 Qc7 17.Nc4 Be7 18.Nfe5 Bf6 19.Qf3 b5 20.Na3 a6 21.Nd3 Nd7 22.Nc2 Rab8
23.Nf4 c5 24.d5 Ne5 25.Qg3 exd5 26.Bxd5 Bg5 27.Bxb7 Rxd1 28.Rxd1 Qxb7 29.Nd5 Ng6
30.f4 Bh4 31.Qf3 Re8 32.Nce3 Qc8 33.c4 b4 34.b3 a5 35.Qg4 Qxg4 36.hxg4 Bg3
37.f5 Ne5 38.Nc7 Rc8 39.Nb5 Nc6 40.Rd7 Re8 41.Rd3 Be5 42.Nd5 Nd4 43.Nxd4 Bxd4+
44.Kf1 Re4 45.Rg3 Kf8 46.g5 h5 47.Rf3 Rh4 48.Ke2 Rh2 49.Rg3 Rh1 50.g6 Ra1
51.gxf7 Rxa2+ 52.Kd3 Kxf7 53.Rg6 Rb2 54.Ra6 Rxb3+ 55.Ke4 a4 56.Rxa4 Ra3 57.Nb6 Rxa4
58.Nxa4 b3 59.Kd3 Kf6 60.Nb6 Kxf5 61.Nd7 Kg4 62.Nf8 Kg3 63.Ne6 b2 64.Kc2 h4
65.Kd2 h3 66.Ke2 g5 67.Kd2 Kh2  0-1

[Event "Chigorin Memorial"]
[Site "St Petersburg RUS"]
[Date "2008.10.05"]
[Round "2"]
[White "Pankov,Ger"]
[Black "Makarov,M"]
[Result "1/2-1/2"]
[WhiteElo "2375"]
[BlackElo "2536"]

1.d4 Nf6 2.Bg5 e6 3.Nf3 c5 4.e3 d5 5.c3 Be7 6.Nbd2 Nbd7 7.Bd3 Qc7 8.O-O O-O
9.c4 dxc4 10.Nxc4 cxd4 11.exd4 h6 12.Bh4 Nb6 13.Nce5 Nbd5 14.Rc1 Qb6 15.Nc4 Qd8
16.Bb1 Bd7 17.Qd3 Bc6 18.Nce5 Nb4 19.Qd2 Bxf3 20.Nxf3 Nbd5 21.Ne5  1/2-1/2

[Event "Chigorin Memorial"]
[Site "St Petersburg RUS"]
[Date "2008.10.06"]
[Round "4"]
[White "Pankov,Ger"]
[Black "Korchagina,V"]
[Result "0-1"]
[WhiteElo "2375"]
[BlackElo "2176"]

1.d4 Nf6 2.Bg5 e6 3.Nf3 h6 4.Bh4 c5 5.e3 cxd4 6.exd4 b6 7.Bd3 Ba6 8.O-O Be7
9.Bxa6 Nxa6 10.c3 O-O 11.Qd3 Nc7 12.Nbd2 d6 13.Nc4 Ncd5 14.Ne3 Qd7 15.Bxf6 Nxf6
16.d5 e5 17.Nd2 Rae8 18.a4 Ng4 19.Qb5 Qc8 20.Nec4 f5 21.b4 Qc7 22.a5 Bd8
23.axb6 axb6 24.Ra6 e4 25.Qxb6 Qxb6 26.Nxb6 f4 27.Nd7 Rf7 28.Rxd6 e3 29.fxe3 fxe3
30.Nf3 e2 31.Re1 Bh4 32.Re6 Rxe6 33.dxe6 Bf2+ 34.Kh1 Rxf3 35.Rxe2 Rxc3 36.g3 Ne3  0-1